Systems Engineering Security Framework for Analyzing and Combating Cyber Threats on Big Data / (Record no. 540876)

000 -LEADER
fixed length control field 00494nam a22001457a 4500
082 ## - DEWEY DECIMAL CLASSIFICATION NUMBER
Classification number 620.0011
100 ## - MAIN ENTRY--PERSONAL NAME
Personal name Jamshed, Zoha
245 ## - TITLE STATEMENT
Title Systems Engineering Security Framework for Analyzing and Combating Cyber Threats on Big Data /
Statement of responsibility, etc. Zoha Jamshed
260 ## - PUBLICATION, DISTRIBUTION, ETC.
Place of publication, distribution, etc. Islamabad :
Name of publisher, distributor, etc. MCS - NUST,
Date of publication, distribution, etc. 2018.
300 ## - PHYSICAL DESCRIPTION
Extent 140 p. ;
Dimensions 30cm.
650 ## - SUBJECT ADDED ENTRY--TOPICAL TERM
Topical term or geographic name entry element System Engineering-MS-Thesis
700 ## - ADDED ENTRY--PERSONAL NAME
Personal name Dr. Rabia Latif
942 ## - ADDED ENTRY ELEMENTS (KOHA)
Source of classification or shelving scheme
Koha item type Thesis
650 ## - SUBJECT ADDED ENTRY--TOPICAL TERM
-- 22495
700 ## - ADDED ENTRY--PERSONAL NAME
-- 35054
Holdings
Withdrawn status Lost status Source of classification or shelving scheme Damaged status Not for loan Permanent Location Current Location Shelving location Date acquired Total Checkouts Full call number Barcode Date last seen Price effective from Koha item type
          Central Library (CL) Central Library (CL) Thesis 11/11/2020   620.0011 CL-T-1035 11/11/2020 11/11/2020 Thesis
          Central Library (CL) Central Library (CL) Thesis 11/12/2020   620.0011 CL-T-1100 11/12/2020 11/12/2020 Thesis
© 2023 Central Library, National University of Sciences and Technology. All Rights Reserved.